RDAs need new powers (Record no. 64801)
[ view plain ]
| 000 -LEADER | |
|---|---|
| fixed length control field | 00848cam a2200181 4500 |
| 008 - FIXED-LENGTH DATA ELEMENTS--GENERAL INFORMATION | |
| fixed length control field | 000000n2000 000 0 eng u |
| 035 ## - SYSTEM CONTROL NUMBER | |
| System control number | (Sirsi) u108519 |
| 245 ## - TITLE STATEMENT | |
| Title | RDAs need new powers |
| 260 ## - PUBLICATION, DISTRIBUTION, ETC. | |
| Date of publication, distribution, etc. | 2000 |
| 490 ## - SERIES STATEMENT | |
| Series statement | Urban Environment Today |
| Volume/sequential designation | (105) 21 September 2000, 4(1) |
| 520 ## - SUMMARY, ETC. | |
| Summary, etc. | With the significant loss of the Partnership Investment Programme funding, the Regional Development Agencies need new land assembly and borrowing powers to aid their promotion of direct development. Copies of "The implication of European Commission ruling on gap funding schemes for urban regeneration in England" are £13.60 from the Stationery Office. Tel: 0870 600 5522. |
| 650 ## - SUBJECT ADDED ENTRY--TOPICAL TERM | |
| Topical term or geographic name entry element | REGIONAL DEVELOPMENT AGENCIES |
| 650 ## - SUBJECT ADDED ENTRY--TOPICAL TERM | |
| Topical term or geographic name entry element | PARTNERSHIP INVESTMENT PROGRAMME |
| 650 ## - SUBJECT ADDED ENTRY--TOPICAL TERM | |
| Topical term or geographic name entry element | PIP |
| 650 ## - SUBJECT ADDED ENTRY--TOPICAL TERM | |
| Topical term or geographic name entry element | FUNDING |
| 690 ## - LOCAL SUBJECT ADDED ENTRY--TOPICAL TERM (OCLC, RLIN) | |
| Topical term or geographic name as entry element | REGENERATION |
| 942 ## - ADDED ENTRY ELEMENTS (KOHA) | |
| Suppress in OPAC | 0 |
No items available.